Primes One piece actuelle - Statistiques

Statistiques générales
  • Ce quiz a été pris 214 fois
  • Le résultat moyen est 67 sur 138
Statistiques - réponses
Prime Personnage % Correct
5.564.800.000 Gol.D.Roger
97%
1.111.000.000 Roronoa Zoro
95%
3.000.000.000 Monkey.D.Luffy
94%
4.048.900.000 Shanks
94%
3.996.000.000 Marshall.D.Teach
92%
550.000.000 Portgas.D.Ace
92%
3.000.000.000 Trafalgar Law
92%
3.000.000.000 Eustass Kid
91%
930.000.000 Nico Robin
91%
3.590.000.000 Dracule Mihawk
90%
72.000.000 Doc Q
89%
1000 Tony Tony Chopper
89%
1.100.000.000 Jinbe
88%
1.320.000.000 Queen
88%
366.000.000 Nami
87%
350.000.000 Capone Bege
86%
1.390.000.000 King
86%
394.000.000 Franky
85%
1.659.000.000 Boa Hancock
84%
500.000.000 God Usopp
83%
320.000.000 Basil Hawkins
82%
1.000.000.000 Jack
81%
340.000.000 Donquichotte Doflamingo
79%
10.000.000 Gem
77%
60.000.000 Devil Dias
76%
92.000.000 Albion
75%
300.000.000 César Clown
75%
4.611.100.000 Kaido
75%
12.000.000 Gin
74%
860.000.000 Charlotte Cracker
73%
932.000.000 Charlotte Smoothie
73%
31.000.000 Gladius
73%
5.046.000.000 Edward Newgate
72%
61.000.000 Lao G
71%
7.000.000 Sham
71%
108.000.000 Urouge
70%
700.000.000 Charlotte Perospero
67%
222.000.000 X Drake
67%
210.000.000 Squard
66%
350.000.000 Scratchmen Apoo
64%
20.000.000 Arlong
63%
99.000.000 Pica
63%
99.000.000 Trébol
62%
1.032.000.000 Vinsmoke Sanji
62%
546.000.000 Who's-Who
59%
26.000.000 Demalo Black
58%
17.000.000 Don Krieg
58%
79.000.000 Nico Olivia
58%
480.000.000 Black Maria
57%
120.000.000 Charlotte Mont d'Or
57%
1.374.000.000 Marco
56%
472.000.000 Sasaki
56%
290.000.000 Page One
55%
8.000.000 Higuma
54%
602.000.000 Sabo
54%
330.000.000 Cavendish
53%
510.000.000 Izo
53%
5.000.000 Alvida
51%
32.000.000 Bon Clay
51%
300.000.000 Charlotte Oven
51%
330.000.000 Pekoms
51%
1.965.000.000 Crocodile
50%
4.388.000.000 Charlotte Linlin
49%
14.000.000 Drophy
49%
20.000.000 Jesus Burgess
49%
90.000.000 Gotti
48%
542.000.000 Chinjao
47%
64.000.000 Van Augur
47%
600.000.000 Charlotte Snack
46%
195.000.000 Bellamy
45%
382.000.000 Pedro
44%
200.000.000 Bartolomeo
43%
210.000.000 Sai
43%
300.000.000 Charlotte Daifuku
42%
94.000.000 Rockstar
42%
1.057.000.000 Charlotte Katakuri
41%
24.000.000 Galdino
41%
383.000.000 Brook
40%
210.000.000 Caribou
40%
400.000.000 Ulti
40%
457.000.000 Belo Betty
39%
15.000.000 Dellinger
39%
99.000.000 Diamante
39%
400.000.000 Karasu
38%
8.000.000 Octy
38%
230.000.000 Fisher Tiger
37%
9.000.000 Jango
37%
42.000.000 Roshio
37%
75.000.000 Daz Bonez
36%
320.000.000 Jewelry Bonney
36%
200.000.000 Killer
36%
42.200.000 Laffitte
36%
1.800.000.000 Dorry
34%
88.000.000 Lip Doughty
34%
293.000.000 Morley
34%
5.500.000 Smack
34%
24.000.000 Foxy
33%
58.000.000 Señor Pink
32%
500 Bepo
29%
16.000.000 Kuro
29%
9.000.000 Kuroobi
29%
316.000.000 Lindbergh
29%
320.000.000 Gecko Moria
27%
3.189.000.000 Baggy
26%
40.000.000 Boa Marigold
26%
40.000.000 Boa Sandersonia
25%
1.800.000.000 Broggy
25%
11.000.000 Machvise
25%
429.000.000 Tamago
25%
7.500.000 Mikita
24%
3.200.000 Babe
23%
7.800.000 Curly Dadan
23%
550.000.000 Little Oars Jr
23%
20.000.000 Rock
23%
38.000.000 Sarquiss
23%
14.300.000 Bluejam
21%
105.500.000 Bobbin
21%
29.000.000 Marianne
21%
25.000.000 Mont Blanc Cricket
19%
7.000.000 Buchi
18%
23.000.000 Masira
18%
148.000.000 Orlumbus
18%
52.000.000 Barbe Rose
17%
3.400.000 Porchemy
17%
36.000.000 Shôjô
17%
36.000.000 Bobby Funk
16%
24.000.000 Charlotte Laura
16%
190.000.000 Coribou
16%
67.000.000 Gambia
16%
67.000.000 Suleiman
16%
95.000.000 Vito
16%
20.000.000 Scotch
15%
36.000.000 Mikazuki
14%
80.060.000 Barbe Brune
13%
73.000.000 Gyro
13%
17.000.000 Lacuba
12%
35.000.000 Paula
12%
10.000.000 Wellington
8%
Aucun quiz correspondant
Distribution des résultats
% des personnes avec chaque résultat
Percentile par nombre de réponses
Votre historique - résultats
Vous n’avez pas pris ce quiz